|
|
|
|
| LEADER |
00000nam a2200000 4500 |
| 001 |
CDOM0000001092 |
| 003 |
mi |
| 005 |
20250828172639.0 |
| 008 |
250728b |||||||| |||| 00| 0 eng d |
| 020 |
|
|
|a 0953743861
|
| 040 |
|
|
|c mi
|
| 100 |
|
|
|a Hargraeves, Julian
|
| 245 |
1 |
|
|a Naked life
|c photos by Julian Hargreaves
|g art direction by Lee Wood
|g introduction by Jibby Bean
|
| 260 |
|
|
|a London
|b Westzone
|c 2000
|
| 300 |
|
|
|a [78] p.
|c foto. (col.)
|c 31 cm.
|
| 610 |
|
|
|a Hargreaves, Julian - Fotografia
|
| 942 |
|
|
|2 ddc
|c BK
|
| 952 |
|
|
|0 0
|1 0
|2 ddc
|4 0
|6 AFT_03HARJUNAK11
|7 0
|9 5289
|a MI
|b MI
|d 2005-08-17
|i 4790
|l 0
|o AFT03-HARJU-NAK11
|p CDOM4790
|r 2025-07-13 16:27:00
|w 2025-07-13
|x DONO
|y BK
|
| 999 |
|
|
|c 4225
|d 4225
|